01284nam a2200301 a 4500001001200000003000800012006001900020007001500039008004100054010001700095020002800112040002100140035002000161050002400181082001500205100003300220245012900253260005800382300001600440504006400456533015200520600006800672650004000740650003000780655002900810710001700839856012600856ebr10015686CaPaEBRm u cr cn|||||||||990713s1999 cau sb 001 0 eng  z 99039450  z0804730156 (alk. paper) aCaPaEBRcCaPaEBR a(OCoLC)7076588614aPS1638b.S26 1999eb04a814/.32211 aSchirmeister, Pamela,d1958-10aLess legible meaningsh[electronic resource] :bbetween poetry and philosophy in the work of Emerson /cPamela Schirmeister. aStanford, Calif. :bStanford University Press,c1999. axii, 222 p. aIncludes bibliographical references (p. 212-217) and index. aElectronic reproduction.bPalo Alto, Calif. :cebrary,d2013.nAvailable via World Wide Web.nAccess may be limited to ebrary affiliated libraries.10aEmerson, Ralph Waldo,d1803-1882xCriticism and interpretation. 0aPhilosophy, Americany19th century. 0aPhilosophy in literature. 7aElectronic books.2local2 aebrary, Inc.40uhttp://site.ebrary.com/lib/rucke/Doc?id=10015686zAn electronic book accessible through the World Wide Web; click to view